| 000 | 00535nam a22001457a 4500 | ||
|---|---|---|---|
| 003 | ASAB | ||
| 005 | 20180827062835.0 | ||
| 008 | 180510t xxu||||| |||| 00| 0 eng d | ||
| 040 | _cASAB | ||
| 100 |
_aMuhammad Umair Khan-Sup-Dr. Muhammad Qasim _93865 |
||
| 245 |
_aTH-MS-Phytochemical Characterization and Antimicrobial Activity of Convolvulus arvensis L, collectea from Salt Range , Pakistan _cMuhammad Umair Khan-Sup-Dr. Muhammad Qasim |
||
| 300 |
_axii, 72 P _b30 cm |
||
| 630 |
_aVirology and Immunology _93866 |
||
| 942 |
_2ddc _cTH |
||
| 999 |
_c480833 _d480833 |
||